LIBRARY & INFORMATION CENTRE, KCAET, TAVANUR

ONLINE PUBLIC ACCESS CATALOGUE (OPAC)

Mass and heat transfer : (Record no. 13931)

MARC details
000 -LEADER
fixed length control field 00517cam a2200181 a 4500
020 ## - INTERNATIONAL STANDARD BOOK NUMBER
ISBN 9780521886703 (hardback)
020 ## - INTERNATIONAL STANDARD BOOK NUMBER
ISBN 0521886708 (hardback)
082 00 - DEWEY DECIMAL CLASSIFICATION NUMBER
Classification number 621.402/2
100 1# - MAIN ENTRY--AUTHOR NAME
Personal name Russell, T. W. F.,
245 10 - TITLE STATEMENT
Title Mass and heat transfer :
260 ## - PUBLICATION, DISTRIBUTION, ETC. (IMPRINT)
Place of publication Cambridge ;
-- New York :
Name of publisher Cambridge University Press,
Year of publication 2008.
300 ## - PHYSICAL DESCRIPTION
Number of Pages xxvi, 375 p. :
Other physical details ill. ;
650 #0 - SUBJECT ADDED ENTRY--TOPICAL TERM
Topical Term Heat exchangers.
650 #0 - SUBJECT ADDED ENTRY--TOPICAL TERM
Topical Term Chemical engineering
700 1# - ADDED ENTRY--PERSONAL NAME
Personal name Robinson, Anne Skaja,
700 1# - ADDED ENTRY--PERSONAL NAME
Personal name Wagner, Norman Joseph,
942 ## - ADDED ENTRY ELEMENTS (KOHA)
Koha item type Books
Holdings
Withdrawn status Lost status Damaged status Collection code Home library Current library Shelving location Date acquired Source of acquisition Cost, normal purchase price Full call number Accession Number Koha item type
      Non-fiction KAUAET KAUAET General Stacks 30/03/2013 Calicut Book Distributors 495.00 621.4022 RUS/MA 23738 Books
free website counter